[Event "2nd Goa GM Open 2019"]
[Site "Goa"]
[Date "2019.06.24"]
[Round "9.20"]
[White "Samant Aditya S"]
[Black "Turov, Maxim"]
[Result "0-1"]
[WhiteElo "2342"]
[BlackElo "2579"]
[Annotator "TA"]
[PlyCount "114"]
[EventDate "2019.06.17"]
[EventType "swiss"]
[EventCountry "IND"]
[SourceTitle "playchess.com"]
[Source "ChessBase"]
[SourceQuality "1"]

{[%evp 9,124,7,9,7,7,7,7,7,7,7,14,6,14,9,43,43,43,41,44,47,52,28,41,19,16,0,0,0,0,-12,0,-8,0,0,28,0,0,0,29,-18,0,0,0,0,15,11,17,0,19,20,59,0,0,0,0,0,0,0,33,0,96,100,84,95,136,7,5,0,78,0,0,-22,-14,-23,-39,-21,0,0,0,0,20,-127,-124,-127,-126,-134,-121,-336,-335,-399,-405,-395,-291,-440,-440,-552,-575,-987,-956,-889,-854,-831,-799,-1577,-1084,-1960,-1086,-1938,-1616,-29985,-29987,-29988,-29989,-29989,-29990,-29991,-29986]} 1. e4 c6 2. d4 d5 3. e5 Bf5 4. h4 Qc7 5. Nc3 h5 6. Bd3 {B12: Caro-Kann: Advance Variation} Bxd3 7. Qxd3 e6 8. Nf3 {The position is equal.} a6 9. Ne2 c5 10. c3 Nc6 11. O-O $146 ({Predecessor:} 11. Bf4 cxd4 12. Nexd4 {0-1 (40) Coro,L (2269)-Erenburg,S (2563) Montevideo 2018}) 11... Nh6 12. Bxh6 Rxh6 13. Nf4 cxd4 14. cxd4 Be7 15. a3 Kf8 16. b4 g6 17. Rfc1 Kg7 18. Nh3 Rhh8 19. Nhg5 Bd8 20. Qe3 Qe7 21. Qf4 Qc7 22. Qe3 Qe7 23. Qf4 Qc7 24. Qe3 Qe7 25. Qf4 Rc8 26. g3 Bb6 27. Kg2 Na7 28. Qe3 Nb5 29. a4 $36 {[%mdl 2048] Black is under pressure.} Na7 30. a5 (30. Rxc8 $1 $14 Rxc8 31. Qf4) 30... Rxc1 $11 31. Rxc1 Bd8 $1 32. Rb1 Nc6 33. Qd2 Bc7 34. Rb3 Bb8 (34... Bd8 $11) 35. b5 $1 $16 {[%cal Rb5c6]} axb5 36. Rxb5 Ba7 37. Qb2 (37. Qf4 $16 Rb8 38. Qd2) 37... Rb8 $11 38. Qd2 Rc8 (38... Rh8 $1 $11) 39. Qb2 (39. Qf4 $16 {Threatens to win with Qf6+!} Qd7 40. Qf6+ (40. a6 bxa6 41. Rb1 a5 $11) 40... Kg8 41. Rxd5 $3 {[%mdl 512]}) 39... Rc7 40. Kh2 Qd7 41. Rb3 Nxa5 42. Rd3 $1 Nc4 43. Qc1 Nd6 {[%cal Bc4d6,Bd6c8,Bc8e7,Be7f5][%mdl 32]} 44. Qa1 ({Reject} 44. Qf4 Nf5 $17) 44... Nc8 45. Ra3 {[#]} (45. Ne1 $11) 45... b5 $1 $17 46. Qb2 Ne7 47. Rb3 Nf5 48. Rd3 $2 (48. Kg2 $17 {is a better defense.}) 48... Rc4 $19 49. Qa3 Bxd4 50. Nxd4 Nxd4 51. Qa1 (51. Qd6 {was worth a try.} Qxd6 52. exd6) 51... Nf5 52. Ra3 Ra4 {And now ...Qa7 would win.} 53. Rxa4 bxa4 54. Qa3 Qa7 55. Kg2 d4 56. Nf3 {[#]} d3 $1 {[%mdl 64] Promotion} 57. Qxd3 a3 {Played: Qa7-a8} 0-1

[Event "2nd Goa GM Open 2019"]
[Site "Goa"]
[Date "2019.06.24"]
[Round "9.21"]
[White "Deepan Chakkravarthy J."]
[Black "Pranav Anand"]
[Result "*"]
[WhiteElo "2557"]
[BlackElo "2340"]
[Annotator "TA"]
[PlyCount "32"]
[EventDate "2019.06.17"]
[EventType "swiss"]
[EventCountry "IND"]
[SourceTitle "playchess.com"]
[Source "ChessBase"]
[SourceQuality "1"]

{[%evp 10,11,-4,-3]} 1. Nf3 Nf6 2. b3 g6 3. Bb2 Bg7 4. c4 O-O 5. e3 d6 6. d4 {Predecessor:} Nbd7 $146 7. Be2 c6 8. O-O a6 9. Qc2 Qc7 10. Rd1 Re8 11. Nc3 e5 12. b4 Nf8 13. dxe5 dxe5 14. c5 e4 15. Nd2 Ng4 16. Bxg4 Bxg4 {0-1 (49) Riazantsev,A (2649)-Iljiushenok,I (2532) Cheliabinsk 2018} *

[Event "2nd Goa GM Open 2019"]
[Site "Goa"]
[Date "2019.06.24"]
[Round "9.22"]
[White "Malakhatko, Vadim"]
[Black "Rathnakaran, K.."]
[Result "*"]
[WhiteElo "2505"]
[BlackElo "2338"]
[Annotator "RC"]
[PlyCount "73"]
[EventDate "2019.06.17"]
[EventType "swiss"]
[EventCountry "IND"]
[SourceTitle "playchess.com"]
[Source "ChessBase"]
[SourceQuality "1"]
[TimeControl "5400+30"]

1. c4 {[%emt 0:00:00]} e5 {[%emt 0:00:00]} 2. e3 {[%emt 0:00:00]} d6 {[%emt 0:00:00]} 3. Nc3 {[%emt 0:00:21]} Nd7 {[%emt 0:00:00]} 4. g3 {[%emt 0:00:50]} Ngf6 {[%emt 0:00:02]} 5. Bg2 {[%emt 0:00:25]} Be7 {[%emt 0:00:05]} 6. Nge2 {[%emt 0:00:12]} c6 {[%emt 0:00:05]} 7. O-O {[%emt 0:00:18]} h5 {[%emt 0:00:03]} 8. h3 {[%emt 0:01:27]} Nb6 {[%emt 0:00:04]} 9. b3 {[%emt 0:02:29]} d5 {[%emt 0:00:04]} 10. cxd5 {[%emt 0:00:11]} cxd5 {[%emt 0:00:04]} 11. Bb2 {[%emt 0:00:05]} Be6 {[%emt 0:00:08]} 12. f4 {[%emt 0:03:28]} d4 {[%emt 0:01:05]} 13. exd4 {[%emt 0:05:19]} exd4 {[%emt 0:00:05]} 14. Nb5 {[%emt 0:00:38]} d3 {[%emt 0:02:51]} 15. Ned4 {[%emt 0:00:17]} a6 {[%emt 0:01:16]} 16. Nxe6 {[%emt 0:06:06]} fxe6 {[%emt 0:00:04]} 17. Nc3 {[%emt 0:00:23]} Nbd5 {[%emt 0:00:48]} 18. Nxd5 {[%emt 0:00:49]} Nxd5 {[%emt 0:02:04]} 19. Bxg7 {[%emt 0:00:29]} Rg8 {[%emt 0:02:15]} 20. Qxh5+ {[%emt 0:00:51]} Kd7 {[%emt 0:00:03]} 21. Be5 {[%emt 0:13:11]} Rxg3 {[%emt 0:00:09]} 22. Kh2 {[%emt 0:00:06]} Rxg2+ {[%emt 0:00:12]} 23. Kxg2 {[%emt 0:00:06]} Qa5 {[%emt 0:00:04]} 24. Rad1 {[%emt 0:06:19]} Qxa2 {[%emt 0:00:11]} 25. Kh1 {[%emt 0:00:05]} Nb4 {[%emt 0:01:05]} 26. Qf3 {[%emt 0:05:02]} Rd8 {[%emt 0:00:02]} 27. Qxb7+ {[%emt 0:01:17]} Ke8 {[%emt 0:00:03]} 28. Rg1 {[%emt 0:00:09]} Qxb3 {[%emt 0:00:07]} 29. Rg8+ {[%emt 0:01:13]} Bf8 {[%emt 0:00:04]} 30. Rdg1 {[%emt 0:02:22]} Qd5+ {[%emt 0:00:05]} 31. Qxd5 {[%emt 0:00:07]} Nxd5 {[%emt 0:00:02]} 32. h4 {[%emt 0:02:22]} Kd7 {[%emt 0:02:40]} 33. h5 {[%emt 0:00:45]} Bh6 {[%emt 0:00:26]} 34. Rxd8+ {[%emt 0:00:07]} Kxd8 {[%emt 0:00:04]} 35. Rg6 {[%emt 0:00:41]} Bxf4 {[%emt 0:00:55]} 36. Bxf4 {[%emt 0:00:15]} Nxf4 {[%emt 0:00:02]} 37. Rg8+ {[%emt 0:00:08]} *

[Event "2nd Goa GM Open 2019"]
[Site "Goa"]
[Date "2019.06.24"]
[Round "9.23"]
[White "Karthik Venkataraman"]
[Black "Pranesh M"]
[Result "*"]
[WhiteElo "2499"]
[BlackElo "2328"]
[Annotator "TA"]
[PlyCount "23"]
[EventDate "2019.06.17"]
[EventType "swiss"]
[EventCountry "IND"]
[SourceTitle "playchess.com"]
[Source "ChessBase"]
[SourceQuality "1"]

{[%evp 13,23,16,21,15,25,22,33,25,35,40,42,20]} 1. d4 d5 2. c4 e6 3. Nc3 Nf6 4. cxd5 exd5 5. Bg5 c6 6. e3 Be7 7. Bd3 Nbd7 8. h3 {D35: Queen's Gambit Declined: Exchange Variation} (8. Nge2 Nf8 9. O-O Ne6 10. Bh4 g6 11. b4 a6 12. Na4 O-O 13. Nc5 Ng7 14. Rc1 Nfe8 15. Bxe7 Qxe7 16. a4 Nd6 {½-½ (43) Ding,L (2813)-Fedoseev,V (2724) Wijk aan Zee 2019}) 8... O-O 9. Qc2 h6 10. Bf4 a5 11. Nf3 b5 12. g4 $146 ({Predecessor:} 12. O-O Bb7 13. Rac1 a4 14. Ne2 a3 15. b3 b4 16. Ng3 Ba6 17. Bxa6 Rxa6 18. Qd3 Rb6 19. Rc2 Ne8 20. Nf5 Ndf6 21. Ne5 {1-0 (21) Lagemann,S (1963)-Dau,D (1370) Germany 2014}) *

[Event "2nd Goa GM Open 2019"]
[Site "Goa"]
[Date "2019.06.24"]
[Round "9.24"]
[White "Aditya Mittal"]
[Black "Rathanvel, V S"]
[Result "*"]
[WhiteElo "2461"]
[BlackElo "2314"]
[Annotator "TA"]
[PlyCount "34"]
[EventDate "2019.06.17"]
[EventType "swiss"]
[EventCountry "IND"]
[SourceTitle "playchess.com"]
[Source "ChessBase"]
[SourceQuality "1"]

{[%evp 9,14,38,35,0,0,2,25]} 1. d4 d6 2. Nf3 Nf6 3. c4 g6 4. Nc3 Bf5 5. g3 Ne4 6. Nh4 {E61: King's Indian: Early deviations for White, including Smyslov System} (6. Bd2 Bg7 7. Bg2 Nxd2 8. Qxd2 O-O 9. O-O Nc6 10. d5 Na5 11. b3 c5 12. e4 Bd7 13. Rae1 Qc7 {½-½ (90) Onischuk,A (2667)-Caruana,F (2817) Saint Louis 2017}) 6... Nxc3 7. bxc3 Bc8 (7... Be4 $5 {[%cal Re4h1]} 8. f3 Bc6 $11) {Predecessor:} 8. Bg2 $146 Bg7 9. O-O O-O 10. e4 Nc6 11. f4 Na5 12. Qe2 c5 13. Be3 Be6 14. d5 Bc8 15. Qd3 a6 16. a4 Bd7 17. Ra3 Qc7 {½-½ (68) Van Beek,A (2261)-Koehler,M (2102) Germany 2012} *

[Event "2nd Goa GM Open 2019"]
[Site "Goa"]
[Date "2019.06.24"]
[Round "9.25"]
[White "Mitrabha, Guha"]
[Black "Vignesh N R"]
[Result "*"]
[WhiteElo "2341"]
[BlackElo "2459"]
[Annotator "TA"]
[PlyCount "29"]
[EventDate "2019.06.17"]
[EventType "swiss"]
[EventCountry "IND"]
[SourceTitle "playchess.com"]
[Source "ChessBase"]
[SourceQuality "1"]

{[%evp 9,11,0,23,17]} 1. d4 Nf6 2. c4 e6 3. g3 c5 4. Nf3 cxd4 5. Nxd4 Bb4+ 6. Bd2 {A32: Symmetrical English: 2 Nf3 Nf6 3 d4 cxd4 4 Nxd4 e6} {Predecessor:} Bxd2+ $146 7. Qxd2 Ne4 8. Qe3 Qa5+ 9. Nd2 Nxd2 10. Qxd2 Qxd2+ 11. Kxd2 Nc6 12. Kc3 Nxd4 13. Kxd4 b6 14. Bg2 Rb8 15. Rac1 {½-½ (26) Vidit,S (2670)-Iturrizaga Bonelli,E (2671) Dubai 2017} *

[Event "2nd Goa GM Open 2019"]
[Site "Goa"]
[Date "2019.06.24"]
[Round "9.26"]
[White "Lugovskoy, Maxim"]
[Black "Mithil, Ajgaonkar"]
[Result "*"]
[WhiteElo "2451"]
[BlackElo "2311"]
[Annotator "TA"]
[PlyCount "35"]
[EventDate "2019.06.17"]
[EventType "swiss"]
[EventCountry "IND"]
[SourceTitle "playchess.com"]
[Source "ChessBase"]
[SourceQuality "1"]

{[%evp 9,14,0,25,15,14,11,19]} 1. e4 c6 2. d4 d5 3. f3 e6 4. Nc3 Qb6 5. a3 Nf6 6. e5 {B12: Caro-Kann: Advance Variation} Nfd7 7. f4 c5 {Predecessor:} 8. Nf3 $146 Nc6 9. Be3 Be7 10. Be2 O-O 11. Qd2 Qxb2 12. O-O Qb6 13. Na4 Qc7 14. dxc5 f6 15. c4 fxe5 16. cxd5 exf4 17. d6 fxe3 18. Qxe3 {0-1 (38) Khamrakulov,D (2494)-Nyzhnyk,I (2638) chess.com INT 2019} *

[Event "2nd Goa GM Open 2019"]
[Site "Goa"]
[Date "2019.06.24"]
[Round "9.27"]
[White "Himanshu, Sharma"]
[Black "Kathmale, Sameer"]
[Result "1/2-1/2"]
[WhiteElo "2446"]
[BlackElo "2307"]
[Annotator "TA"]
[PlyCount "88"]
[EventDate "2019.06.17"]
[EventType "swiss"]
[EventCountry "IND"]
[SourceTitle "playchess.com"]
[Source "ChessBase"]
[SourceQuality "1"]

{[%evp 11,88,0,14,-31,-20,-33,-35,-44,-46,-55,-39,-31,-24,-24,-4,-16,27,22,19,2,14,3,8,0,14,14,47,11,23,17,20,-33,-45,-39,-40,-55,-47,-65,-63,-68,-49,-72,-68,-74,-74,-80,-74,-74,-74,-74,-66,-69,-71,-82,-81,-187,-127,-144,-73,-87,0,0,0,0,0,0,0,0,29975,0,0,0,29974,0,0,0,29974,29976,6399]} 1. Nf3 Nf6 2. d4 g6 3. Bf4 Bg7 4. e3 O-O 5. Be2 d6 6. h3 Nc6 7. c4 {A48: 1 d4 Nf6 2 Nf3 g6: Torre, London and Colle Systems} (7. Bh2 a5 8. O-O e5 9. dxe5 dxe5 10. Nxe5 Qe7 11. Nxc6 bxc6 12. Nc3 Rd8 13. Qc1 Rb8 14. Rb1 Bf5 {½-½ (94) Laznicka,V (2647)-Fedoseev,V (2718) Riadh 2017}) 7... Ne4 8. Bh2 e5 {Strongly threatening ...exd4.} 9. O-O {Black is slightly better.} exd4 10. Nxd4 Nxd4 $146 ({Predecessor:} 10... Qf6 11. Nc3 Nxc3 12. bxc3 Qe7 13. Nxc6 bxc6 14. Bf3 Be6 {1-0 (84) Burmakin,V (2599)-Babujian,L (2474) St Petersburg 2009}) 11. exd4 Qf6 12. Nc3 Nxc3 13. bxc3 b6 14. Bf3 Rb8 15. Bc6 Qg5 16. Qa4 a6 17. Bg3 f5 18. h4 Qd8 19. f4 Bf6 20. Rae1 b5 21. Qb3 ({White should try} 21. cxb5 $11 axb5 22. Bxb5) 21... Kg7 $15 22. cxb5 Bd7 $36 {[%mdl 2048] aiming for ...Bxc6. Black fights for an advantage.} 23. Qd5 axb5 24. Bxd7 Qxd7 25. Bf2 Rfe8 26. Qf3 c6 27. d5 c5 28. h5 Rxe1 29. Rxe1 Re8 30. Rb1 Re4 31. hxg6 hxg6 32. g3 Rc4 33. Rb3 (33. Qd3 $17 {was called for.}) 33... Qb7 (33... Ra4 $1 $19 34. Qe2 c4) 34. Qd3 {Hoping for Qxc4!} Qa6 (34... Qa8 $142 $1 35. Qd2 Ra4 36. Rxb5 Rxa2) 35. Qe2 b4 ({Much weaker is} 35... Rxc3 $6 36. Rxc3 Bxc3 37. Qe7+ Kh8 38. Qd8+ Kh7 39. Qh4+ Kg8 40. Qd8+ Kh7 41. Qh4+ Kg8 42. Qd8+ Kh7 $11) (35... Re4 $1 $17 {[%cal Re4e2]} 36. Qxb5 Qxa2) 36. Be1 $11 bxc3 {[#]} 37. Bxc3 $1 {[%mdl 512]} Bxc3 {[#]} (37... Rxc3 38. Qxa6) 38. Rxc3 $1 {[%mdl 4672] Endgame Pin. KQR-KQR} Ra4 (38... Rxc3 39. Qxa6) 39. Qe7+ Kh6 $2 {[%mdl 8192] [#]} (39... Kh8 $11) 40. Qf8+ $2 (40. g4 $1 {[%mdl 512]} fxg4 41. Qf8+ Kh7 42. Re3 Qb7 43. Re7+ Qxe7 44. Qxe7+ Kh6 45. Qf8+ Kh7 46. Qxd6) 40... Kh7 41. Qf7+ Kh6 $2 {[%mdl 8192] [#]} (41... Kh8 $11) 42. Qf8+ $2 (42. g4 $1 {[%mdl 512] mates} fxg4 43. Qf8+ Kh7 44. Re3 Qb7 45. Re7+ Qxe7 46. Qxe7+ Kh6 47. Qxd6) 42... Kh7 43. Qf7+ $2 {[%mdl 8192]} (43. a3 $11 Qe2 44. Qf7+ Kh6 45. Qf8+ Kh7 46. Qf7+ Kh8 47. Qxg6) 43... Kh6 {[#]} 44. g4 $1 {[%mdl 512]} fxg4 {[%mdl 32768] Accuracy: White = 43%, Black = 57%. . An unexpected result.} 1/2-1/2

[Event "2nd Goa GM Open 2019"]
[Site "Goa"]
[Date "2019.06.24"]
[Round "9.28"]
[White "Sardana, Rishi"]
[Black "Priyanka Nutakki"]
[Result "*"]
[WhiteElo "2428"]
[BlackElo "2302"]
[Annotator "TA"]
[PlyCount "42"]
[EventDate "2019.06.17"]
[EventType "swiss"]
[EventCountry "IND"]
[SourceTitle "playchess.com"]
[Source "ChessBase"]
[SourceQuality "1"]

{[%evp 20,21,27,33]} 1. c4 e6 2. Nf3 Nf6 3. Nc3 d5 4. e3 Be7 5. b3 O-O 6. Bb2 c5 7. cxd5 exd5 8. d4 Nc6 9. Be2 Bg4 10. dxc5 Bxc5 11. O-O {Predecessor:} a6 $146 12. Rc1 Ba7 13. Nd4 Bxd4 14. Bxg4 Be5 15. Bf3 Qd6 16. g3 Rad8 17. Bg2 Rfe8 18. Re1 h6 19. Qf3 d4 20. exd4 Bxd4 21. Rxe8+ Rxe8 {½-½ (85) Rozum,I (2568)-Oparin,G (2624) Sochi 2019} *

[Event "2nd Goa GM Open 2019"]
[Site "Goa"]
[Date "2019.06.24"]
[Round "9.30"]
[White "Bhambure, Shantanu"]
[Black "Thipsay, Praveen M"]
[Result "*"]
[WhiteElo "2248"]
[BlackElo "2405"]
[Annotator "TA"]
[PlyCount "13"]
[EventDate "2019.06.17"]
[EventType "swiss"]
[EventCountry "IND"]
[SourceTitle "playchess.com"]
[Source "ChessBase"]
[SourceQuality "1"]

{[%evp 10,13,38,30,41,39]} 1. d4 Nf6 2. c4 g6 3. Nc3 Bg7 4. e4 d6 5. f3 O-O 6. Nge2 Nbd7 {E81: King's Indian: Sämisch: 6th move deviations (including 6 Be3 c6)} 7. g4 $146 ({Predecessor:} 7. Be3 c5 8. Qd2 a6 9. Rd1 Qc7 10. Nf4 e6 11. d5 e5 12. Nd3 Nh5 13. Be2 f5 14. exf5 gxf5 15. O-O f4 16. Bf2 Ndf6 17. Bh4 Bh8 {1-0 (75) Vitiugov,N (2729)-Mamedov,N (2612) Rhodes 2013}) *

[Event "2nd Goa GM Open 2019"]
[Site "Goa"]
[Date "2019.06.25"]
[Round "10.1"]
[White "Paichadze, Luka"]
[Black "Petrosyan, Manuel"]
[Result "1/2-1/2"]
[WhiteElo "2557"]
[BlackElo "2573"]
[Annotator "ChessBase"]
[PlyCount "79"]
[EventDate "2019.06.17"]
[EventType "swiss"]
[EventCountry "IND"]
[SourceTitle "playchess.com"]
[Source "ChessBase"]
[SourceQuality "1"]
[TimeControl "5400+30"]

1. e4 {[%emt 0:00:00]} c5 {[%emt 0:00:59]} 2. c3 {[%emt 0:00:48]} d5 {[%emt 0:02:17]} 3. exd5 {[%emt 0:00:08]} Qxd5 {[%emt 0:00:07]} 4. d4 {[%emt 0:00:05]} Nc6 {[%emt 0:00:16]} 5. Nf3 {[%emt 0:00:06]} Bf5 {[%emt 0:00:37]} 6. Be3 {[%emt 0:02:30]} cxd4 {[%emt 0:00:06]} 7. cxd4 {[%emt 0:02:11]} Bxb1 {[%emt 0:00:18]} 8. Rxb1 {[%emt 0:10:07]} e6 {[%emt 0:00:04]} 9. a3 {[%emt 0:00:17]} Nf6 {[%emt 0:00:05]} 10. Bd3 {[%emt 0:02:38]} Bd6 {[%emt 0:00:10]} 11. O-O {[%emt 0:00:49]} O-O {[%emt 0:00:04]} 12. Re1 {[%emt 0:04:30]} Rac8 {[%emt 0:05:13]} 13. Qe2 {[%emt 0:09:23]} h6 {[%emt 0:04:50]} 14. Rbd1 {[%emt 0:02:55]} a6 {[%emt 0:00:45]} 15. Bb1 {[%emt 0:08:22]} Ne7 {[%emt 0:05:51]} 16. Ne5 {[%emt 0:07:18]} Bxe5 {[%emt 0:20:37]} 17. dxe5 {[%emt 0:00:14]} Qxe5 {[%emt 0:00:05]} 18. Qf3 {[%emt 0:00:15]} Qxb2 {[%emt 0:02:36]} 19. Bd4 {[%emt 0:00:25]} Qb5 {[%emt 0:00:10]} 20. Bxf6 {[%emt 0:00:37]} gxf6 {[%emt 0:00:08]} 21. Qxf6 {[%emt 0:01:22]} Qg5 {[%emt 0:00:06]} 22. Qf3 {[%emt 0:03:34]} Rfd8 {[%emt 0:01:43]} 23. Rxd8+ {[%emt 0:07:26]} Rxd8 {[%emt 0:00:04]} 24. Qxb7 {[%emt 0:03:15]} Qe5 {[%emt 0:02:06]} 25. Qb4 {[%emt 0:06:30]} a5 {[%emt 0:03:12]} 26. Qg4+ {[%emt 0:00:10]} Qg5 {[%emt 0:00:37]} 27. Qe4 {[%emt 0:00:27]} Ng6 {[%emt 0:00:05]} 28. g3 {[%emt 0:00:35]} Rd5 {[%emt 0:02:08]} 29. Qc2 {[%emt 0:07:09]} Kg7 {[%emt 0:01:17]} 30. Rd1 {[%emt 0:02:44]} Rxd1+ {[%emt 0:04:03]} 31. Qxd1 {[%emt 0:00:03]} Qc5 {[%emt 0:00:48]} 32. Qd3 {[%emt 0:04:10]} f5 {[%emt 0:00:11]} 33. Qd7+ {[%emt 0:01:24]} Kf6 {[%emt 0:00:05]} 34. Ba2 {[%emt 0:02:28]} Nf8 {[%emt 0:00:06]} 35. Qd8+ {[%emt 0:01:00]} Kf7 {[%emt 0:01:47]} 36. Qd3 {[%emt 0:00:11]} Ke7 {[%emt 0:00:41]} 37. Qb3 {[%emt 0:01:23]} Qe5 {[%emt 0:10:56]} 38. Qb1 {[%emt 0:00:13]} Qc3 {[%emt 0:01:08]} 39. a4 {[%emt 0:00:39]} Nd7 {[%emt 0:00:24]} 40. Qd1 {[%emt 0:03:35]} 1/2-1/2

[Event "2nd Goa GM Open 2019"]
[Site "Goa"]
[Date "2019.06.25"]
[Round "10.2"]
[White "Iturrizaga Bonelli, Eduardo"]
[Black "Idani, Pouya"]
[Result "0-1"]
[WhiteElo "2637"]
[BlackElo "2597"]
[Annotator "TA"]
[PlyCount "48"]
[EventDate "2019.06.17"]
[EventType "swiss"]
[EventCountry "IND"]
[SourceTitle "playchess.com"]
[Source "ChessBase"]
[SourceQuality "1"]

{[%evp 20,48,-44,-44,-44,-39,-33,-33,-43,-47,-49,-46,-31,-58,-53,-59,-55,-58,-32,-25,0,0,0,0,1,0,0,1,10,-239,-224]} 1. d4 Nf6 2. Nf3 g6 3. c4 Bg7 4. Nc3 d5 5. Bg5 dxc4 6. e4 c5 7. Bxc4 cxd4 8. Qxd4 Qxd4 9. Nxd4 Nxe4 10. Nxe4 Bxd4 11. O-O-O Nc6 {D91: Grünfeld: 4 Nf3 Bg7 5 Bg5} 12. Rhe1 Be6 $1 13. Bxe6 fxe6 {Black is slightly better.} 14. Bh6 (14. Be3 O-O-O 15. Ng5 Bxe3+ 16. Rxe3 Rxd1+ 17. Kxd1 e5 18. f3 Rd8+ 19. Kc1 {1-0 (62) Ajrapetjan,Y (2490)-Fier,A (2590) ICC INT 2009}) 14... Rd8 $146 ({Predecessor:} 14... O-O-O 15. Kb1 Rd5 16. Bf4 Rhd8 17. Rc1 e5 18. Bg3 h6 19. a3 {0-1 (39) Wellner,E-Luecke,N (2390) Garmisch Partenkirchen 1991}) 15. f3 Rd5 16. h3 Kd7 17. Kb1 Rc8 18. Rd2 Rd8 19. Ng5 Be5 $36 {[%mdl 2048] Black is more active.} 20. Red1 Bf4 21. Rxd5+ exd5 22. Rxd5+ Ke8 23. Rxd8+ Nxd8 24. Nf7 $2 {[#]} (24. Kc2 $11 {and White stays safe.}) 24... Ne6 {Accuracy: White = 62%, Black = 70%.} ({And not} 24... Kxf7 25. Bxf4 Ke6 26. Bg5 $11) 0-1

[Event "2nd Goa GM Open 2019"]
[Site "Goa"]
[Date "2019.06.25"]
[Round "10.3"]
[White "Ter-Sahakyan, Samvel"]
[Black "Jojua, Davit"]
[Result "1-0"]
[WhiteElo "2611"]
[BlackElo "2580"]
[Annotator "TA"]
[PlyCount "94"]
[EventDate "2019.06.17"]
[EventType "swiss"]
[EventCountry "IND"]
[SourceTitle "playchess.com"]
[Source "ChessBase"]
[SourceQuality "1"]

{[%evp 11,94,20,20,12,18,12,22,14,16,23,14,6,25,0,33,0,0,0,0,0,0,-18,47,46,59,56,104,56,171,163,148,131,141,151,158,155,155,156,150,145,149,147,145,157,163,136,288,260,318,310,383,384,291,190,190,176,180,173,358,344,320,360,318,378,337,386,305,359,382,379,306,283,490,480,396,392,556,550,625,620,660,656,564,528,29971]} 1. e4 c5 2. Nf3 Nc6 3. Bb5 Nf6 4. e5 Nd5 5. O-O Nc7 6. Bxc6 dxc6 7. h3 {B30: Sicilian: 2...Nc6 3 Bb5, lines without ...g6} (7. d3 Bf5 8. Be3 e6 9. Nbd2 Be7 10. Ne4 b6 11. Nfd2 Nd5 12. Qe2 Nxe3 13. fxe3 O-O 14. Qf3 Qc7 {½-½ (45) Quparadze,G (2499)-Jojua,D (2586) Tbilisi 2018}) 7... g6 8. d3 Ne6 9. Be3 {The position is equal.} Bg7 10. Re1 Qc7 11. Qc1 $146 ({Predecessor:} 11. Qe2 Bxe5 12. Nxe5 Qxe5 {0-1 (20) Hrynovets,I-Gonzalez Alcon,E (2284) ICCF email 2012}) 11... O-O 12. Bh6 f5 13. Bxg7 Kxg7 14. Qe3 b6 15. Nc3 h6 16. h4 Kh7 (16... Qd7 $11) 17. Rad1 Rd8 18. Ne2 Ba6 19. b3 Rd7 {[#]} ({Better is} 19... Rf8 $14) 20. h5 $1 $18 {[%cal Rh5g6][%mdl 512]} g5 (20... gxh5 21. Ng3) 21. Ng3 Rf8 {[#]} 22. Nxf5 $1 {[%mdl 576] Remove Defender} Rxf5 23. Qe4 Ng7 {Hoping for ...Kg8.} 24. g4 {[%mdl 64] Pin} e6 25. d4 c4 26. gxf5 exf5 27. Qe3 Re7 28. Nd2 b5 $2 (28... cxb3 $16 {was worth a try.} 29. axb3 Nxh5) 29. bxc4 {Threatens to win with d5.} bxc4 30. Qa3 Bb5 31. Qd6 Nxh5 32. Qxc7 Rxc7 33. Nb1 Ba6 34. Nc3 {And now d5 would win.} Bb7 $2 (34... Nf4 {might work better.} 35. Rb1 h5) 35. e6 Re7 36. d5 cxd5 37. Nxd5 Bxd5 38. Rxd5 {[%mdl 4096] Endgame KRR-KRN} Kg6 39. Rd7 Kf6 40. Rxe7 Kxe7 {KR-KN} 41. Re5 Ng7 $2 (41... Nf4 {was necessary.} 42. Rxf5 Nxe6) 42. Rc5 Nxe6 43. Rxc4 h5 (43... a6 $142 44. Rc6 a5) 44. Ra4 {White is clearly winning.} h4 45. Rxa7+ Kd6 46. a4 {[%cal Ba2a4,Ba4a5][%mdl 32]} Nd4 47. a5 Kd5 {Accuracy: White = 70%, Black = 40%.} 1-0